000 00618cam a2200217 4500500
005 20260329004939.0
041 _afre
042 _adc
100 1 0 _aPortevin, Catherine
_eauthor
245 0 0 _aL’Enquête infinie
260 _c2021.
500 _a76
690 _aÉnigme
690 _aExégèse
690 _aHistoire
690 _aPacôme Thiellement
690 _aSecret
690 _aXXe siècle
786 0 _nPhilosophie magazine | 153 | 10 | 2021-10-01 | p. 75-75 | 1951-1787
856 4 1 _uhttps://shs.cairn.info/magazine-philosophie-magazine-2021-10-page-75?lang=fr&redirect-ssocas=7080
999 _c1838823
_d1838823